South Eastern Kenya University

Library Online Public Access Catalogue


Reader's digest family legal guide : (Record no. 6799)

MARC details
000 -LEADER
fixed length control field 00417cam a2200133 a 4500
020 ## - INTERNATIONAL STANDARD BOOK NUMBER
International Standard Book Number 0895771004
050 00 - LIBRARY OF CONGRESS CALL NUMBER
Classification number KF387
Item number .R4
245 00 - TITLE STATEMENT
Title Reader's digest family legal guide :
Remainder of title a complete encyclopedia of law for the layman.
260 ## - PUBLICATION, DISTRIBUTION, ETC. (IMPRINT)
Place of publication, distribution, etc. Pleasantville, N.Y. :
Name of publisher, distributor, etc. Reader's Digest Association,
Date of publication, distribution, etc. c1981.
300 ## - PHYSICAL DESCRIPTION
Extent ix, 1268 p. ;
500 ## - GENERAL NOTE
General note Includes index.
650 #0 - SUBJECT ADDED ENTRY--TOPICAL TERM
General subdivision Encyclopedias
-- Popular works.
942 ## - ADDED ENTRY ELEMENTS (KOHA)
Source of classification or shelving scheme Library of Congress Classification
Koha item type General circulation
Holdings
Withdrawn status Lost status Source of classification or shelving scheme Damaged status Not for loan Home library Current library Shelving location Date acquired Total Checkouts Full call number Barcode Date last seen Price effective from Koha item type
    Library of Congress Classification     Main Campus Library Main Campus Library General Stacks 22/07/2015   KF387 .R4 2015/004029 22/07/2015 22/07/2015 General circulation
Kitui, Kenya.
+254736116989
library@seku.ac.ke